[Event "SVK-chT2B 2223"]
[Site "Slovakia"]
[Date "2023.02.11"]
[Round "8.5"]
[White "Pupak, Tomas"]
[Black "Reisel, Frantisek"]
[Result "1/2-1/2"]
[WhiteElo "2059"]
[BlackElo "1905"]
[PlyCount "101"]
[EventDate "2022.10.08"]
[EventType "team-tourn"]
[EventRounds "11"]
[EventCountry "SVK"]
[SourceTitle "EXT 2024"]
[Source "ChessBase"]
[SourceDate "2023.10.10"]
[SourceVersion "1"]
[SourceVersionDate "2023.10.10"]
[SourceQuality "1"]
[WhiteTeam "Dubnica nad Vahom III"]
[BlackTeam "Prievidza"]
[WhiteTeamCountry "SVK"]
[BlackTeamCountry "SVK"]

1. c4 Nf6 2. g3 d5 3. cxd5 Nxd5 4. Bg2 c6 5. Nc3 Nxc3 6. bxc3 e5 7. Nf3 Bd6 8. 0-0 0-0 9. Qb3 Qe7 10. Rb1 h6 11. d3 Nd7 12. Nd2 Nc5 13. Qc2 Qc7 14. Nc4 Be7 15. f4 f6 16. fxe5 fxe5 17. Rxf8+ Bxf8 18. d4 exd4 19. cxd4 Ne6 20. Qd3 Be7 21. e4 Bd7 22. Be3 Rd8 23. Ne5 Bc8 24. Qc4 Bd6 25. Bh3 Re8 26. Ng6 Bxg3 27. e5 Qf7 28. Qd3 Bf4 29. Bxf4 Nxf4 30. Nxf4 Qxf4 31. Bxc8 Rxc8 32. Rxb7 Rd8 33. Rxa7 Qxe5 34. dxe5 Rxd3 35. Rc7 Re3 36. Rxc6 Rxe5 37. a4 Re1+ 38. Kf2 Ra1 39. Ra6 Ra3 40. Ra7 Kh7 41. Ra6 h5 42. Ra7 Kg6 43. Kg2 h4 44. Ra5 Kf6 45. h3 g6 46. Kh2 Rg3 47. Rb5 Ra3 48. Rb4 Ra2+ 49. Kg1 g5 50. Re4 Kf5 51. Rb4 1/2-1/2

[Event "SVK-chT3B2 2223"]
[Site "Slovakia"]
[Date "2022.11.06"]
[Round "2.1"]
[White "Pupak, Tomas"]
[Black "Srvatka, Igor"]
[Result "1-0"]
[WhiteElo "2069"]
[BlackElo "2130"]
[PlyCount "149"]
[EventDate "2022.10.23"]
[EventType "team-tourn"]
[EventRounds "11"]
[EventCountry "SVK"]
[SourceTitle "EXT 2024"]
[Source "ChessBase"]
[SourceDate "2023.10.10"]
[SourceVersion "1"]
[SourceVersionDate "2023.10.10"]
[SourceQuality "1"]
[WhiteTeam "Dubnica nad Vahom IV"]
[BlackTeam "Trencin PK"]
[WhiteTeamCountry "SVK"]
[BlackTeamCountry "SVK"]

1. Nf3 d5 2. d4 Nf6 3. e3 c5 4. c4 Nc6 5. cxd5 Nxd5 6. Nc3 e6 7. Be2 cxd4 8. exd4 Be7 9. 0-0 0-0 10. Nxd5 Qxd5 11. Be3 Bf6 12. Qd2 Rd8 13. Rfd1 b6 14. Rac1 Bb7 15. Bc4 Qh5 16. Qe2 Rac8 17. Ba6 Rd7 18. Bxb7 Rxb7 19. Qa6 Rbc7 20. Bf4 e5 21. dxe5 Qf5 22. exf6 Qxf4 23. fxg7 Ne7 24. Rxc7 Rxc7 25. Qd3 Kxg7 26. h3 Nf5 27. Qd2 Qxd2 28. Rxd2 h5 29. Rd5 Kf6 30. g4 hxg4 31. hxg4 Ng7 32. Kg2 Ne6 33. Kg3 Rc2 34. Rd7 a5 35. Rd2 Rc5 36. Rd6 b5 37. Nd4 b4 38. f4 Ke7 39. Nxe6 fxe6 40. Rd2 Kf6 41. Re2 Rc1 42. g5+ Kf7 43. Kf3 Rf1+ 44. Ke4 Ra1 45. b3 Rc1 46. Ke5 Rc5+ 47. Kd6 Rd5+ 48. Kc6 Rd4 49. Rf2 Kg6 50. Kb6 Rd5 51. Rc2 Rd4 52. Re2 Kf7 53. g6+ Kf6 54. g7 Kxg7 55. Rxe6 Rxf4 56. Kxa5 Rf2 57. Kxb4 Rxa2 58. Kb5 Kf7 59. Re4 Ra8 60. b4 Kf6 61. Kc6 Ra4 62. Kb5 Ra8 63. Kc6 Rc8+ 64. Kb6 Rb8+ 65. Kc6 Kf5 66. Rh4 Ke6 67. b5 Rc8+ 68. Kb7 Rc5 69. b6 Ke7 70. Rd4 Rc1 71. Kb8 Rb1 72. b7 Rb2 73. Rd5 Ke6 74. Rd3 Ke7 75. Ra3 1-0

[Event "SVK-chT1W 1920"]
[Site "Slovakia"]
[Date "2020.06.20"]
[Round "10.5"]
[White "Both, Lajos"]
[Black "Pupak, Tomas"]
[Result "0-1"]
[WhiteElo "1706"]
[BlackElo "2078"]
[PlyCount "65"]
[EventDate "2019.10.12"]
[EventType "team-tourn"]
[EventRounds "11"]
[EventCountry "SVK"]
[SourceTitle "EXT 2022"]
[Source "ChessBase"]
[SourceDate "2021.10.06"]
[SourceVersion "1"]
[SourceVersionDate "2021.10.06"]
[SourceQuality "1"]
[WhiteTeam "Orechova Poton"]
[BlackTeam "Dubnica nad Vahom II"]
[WhiteTeamCountry "SVK"]
[BlackTeamCountry "SVK"]

1. Nf3 Nf6 2. c4 d6 3. d4 Nbd7 4. g3 e5 5. Bg2 Be7 6. Nc3 0-0 7. 0-0 c6 8. e4 Qc7 9. Qe2 Re8 10. d5 a5 11. Rd1 Nc5 12. h3 Rb8 13. a4 Nb3 14. Rb1 Nxc1 15. Rdxc1 Nd7 16. b4 axb4 17. Rxb4 Nc5 18. Rcb1 Ra8 19. Rd1 Ra7 20. Ne1 Rf8 21. g4 g6 22. Qc2 f5 23. exf5 gxf5 24. f3 Bg5 25. Qe2 Qg7 26. dxc6 bxc6 27. Qc2 fxg4 28. fxg4 Be3+ 29. Kh1 Bxg4 30. Nd3 Bf5 31. Qe2 Bd4 32. Nxc5 dxc5 33. Rb3 0-1

[Event "SVK-chT1W 1920"]
[Site "Slovakia"]
[Date "2020.01.25"]
[Round "7.6"]
[White "Pinter, Patrik"]
[Black "Pupak, Tomas"]
[Result "1-0"]
[WhiteElo "2167"]
[BlackElo "2076"]
[PlyCount "97"]
[EventDate "2019.10.12"]
[EventType "team-tourn"]
[EventRounds "11"]
[EventCountry "SVK"]
[SourceTitle "CBM 194 Extra"]
[Source "ChessBase"]
[SourceDate "2020.03.31"]
[SourceVersion "1"]
[SourceVersionDate "2020.03.31"]
[SourceQuality "1"]
[WhiteTeam "Nitra NSK"]
[BlackTeam "Dubnica nad Vahom II"]
[WhiteTeamCountry "SVK"]
[BlackTeamCountry "SVK"]

1. Nf3 d5 2. g3 c6 3. Bg2 Nf6 4. 0-0 Bf5 5. d3 h6 6. b3 Nbd7 7. Bb2 e6 8. Nbd2 Be7 9. Re1 0-0 10. e4 Bg4 11. e5 Ne8 12. h3 Bh5 13. Nf1 Nc7 14. g4 Bg6 15. Ng3 f6 16. Qe2 f5 17. gxf5 Bxf5 18. Kh2 Qe8 19. Rg1 Kh7 20. Raf1 Qf7 21. Nd4 g6 22. Ngxf5 gxf5 23. f4 Bh4 24. Bf3 Rg8 25. Ba3 c5 26. Bh5 Qe7 27. Nf3 Nb5 28. Bb2 d4 29. Nxh4 Qxh4 30. Qf3 Rxg1 31. Rxg1 Rg8 32. Rxg8 Kxg8 33. Be8 Qe7 34. Qxb7 Qxe8 35. Qxb5 Qh5 36. Qc6 Kf8 37. Qd6+ Ke8 38. Qxe6+ Kd8 39. Qg8+ Kc7 40. Qg2 Qh4 41. Bc1 Nf8 42. Bd2 Ne6 43. Qg3 Qh5 44. Qf2 Kd7 45. Ba5 Qd1 46. Kg3 Nf8 47. Qg2 Ng6 48. Qd5+ Ke8 49. Qd8+ 1-0

[Event "SVK-chT1W 1920"]
[Site "Slovakia"]
[Date "2019.12.08"]
[Round "6.5"]
[White "Gasa, Patrik"]
[Black "Pupak, Tomas"]
[Result "1-0"]
[WhiteElo "2164"]
[BlackElo "2076"]
[PlyCount "87"]
[EventDate "2019.10.12"]
[EventType "team-tourn"]
[EventRounds "11"]
[EventCountry "SVK"]
[SourceTitle "CBM 193 Extra"]
[Source "ChessBase"]
[SourceDate "2020.01.31"]
[SourceVersion "1"]
[SourceVersionDate "2020.01.31"]
[SourceQuality "1"]
[WhiteTeam "Osuske"]
[BlackTeam "Dubnica nad Vahom II"]
[WhiteTeamCountry "SVK"]
[BlackTeamCountry "SVK"]

1. d4 Nf6 2. c4 c5 3. Nf3 cxd4 4. Nxd4 Nc6 5. Nc3 e6 6. e3 Be7 7. Be2 0-0 8. 0-0 d5 9. cxd5 Nxd4 10. Qxd4 Nxd5 11. Nxd5 Qxd5 12. Bf3 Qxd4 13. exd4 Bf6 14. Rd1 Rd8 15. Be3 Bd7 16. Rac1 Bc6 17. Bxc6 bxc6 18. Rxc6 Rd5 19. Rd2 Rad8 20. Rc5 R5d7 21. f4 Kf8 22. Rc4 Ke8 23. Kf1 Rd5 24. Ke2 g5 25. fxg5 Bxg5 26. Bxg5 Rxg5 27. Ke3 Rdd5 28. g3 Rg4 29. b3 f5 30. Rdc2 Re4+ 31. Kd3 e5 32. Re2 Rxe2 33. Kxe2 e4 34. Ke3 Rd6 35. Rc5 Ra6 36. Rxf5 Rxa2 37. Rh5 Rb2 38. Rxh7 Rxb3+ 39. Kxe4 Rb2 40. h4 Rg2 41. Kf3 Rd2 42. Rxa7 Rxd4 43. h5 Kf8 44. g4 1-0

[Event "SVK-chT1W 1920"]
[Site "Slovakia"]
[Date "2019.11.09"]
[Round "3.7"]
[White "Pupak, Tomas"]
[Black "Ac, Michal"]
[Result "1-0"]
[WhiteElo "2057"]
[BlackElo "2150"]
[PlyCount "101"]
[EventDate "2019.10.12"]
[EventType "team-tourn"]
[EventRounds "11"]
[EventCountry "SVK"]
[SourceTitle "CBM 193 Extra"]
[Source "ChessBase"]
[SourceDate "2020.01.31"]
[SourceVersion "1"]
[SourceVersionDate "2020.01.31"]
[SourceQuality "1"]
[WhiteTeam "Dubnica nad Vahom II"]
[BlackTeam "Bratislava Slovan II"]
[WhiteTeamCountry "SVK"]
[BlackTeamCountry "SVK"]

1. c4 Nf6 2. Nc3 g6 3. e4 d6 4. g3 Bg7 5. Bg2 0-0 6. Nge2 e5 7. 0-0 Nc6 8. d3 Ne7 9. h3 c6 10. Bg5 h6 11. Be3 d5 12. cxd5 cxd5 13. Bc5 d4 14. Nb1 b6 15. Ba3 Ne8 16. Nd2 Ba6 17. Qb3 Nd6 18. f4 Rc8 19. Rac1 Qd7 20. fxe5 Rxc1 21. Rxc1 Bxe5 22. Nf3 Bg7 23. Nf4 Kh7 24. Nd5 Rc8 25. Rxc8 Nexc8 26. Bb4 Bb7 27. Be1 Qc6 28. Bf2 Qc5 29. Nf4 Ne7 30. Ne2 Nc6 31. Kh2 f5 32. exf5 Nxf5 33. Nf4 Nd8 34. Nd2 Bxg2 35. Kxg2 Ne3+ 36. Kh2 Qc1 37. Ne4 Qc6 38. Qb4 Ne6 39. Nxe6 Qxe6 40. b3 Nd1 41. Bxd4 Qd5 42. Bxg7 Kxg7 43. Qd2 Qh5 44. Kg2 Qa5 45. Qxd1 Qxa2+ 46. Kf3 a5 47. Qd2 Qxb3 48. Qc3+ Qxc3 49. Nxc3 Kf6 50. Ke4 Ke6 51. Nb5 1-0

[Event "SVK-chT1W 1819"]
[Site "Slovakia"]
[Date "2018.10.28"]
[Round "2.6"]
[White "Pupak, Tomas"]
[Black "Pytlik, Pavol"]
[Result "1-0"]
[WhiteElo "2074"]
[BlackElo "2038"]
[PlyCount "96"]
[EventDate "2018.10.27"]
[EventType "team-tourn"]
[EventRounds "11"]
[EventCountry "SVK"]
[SourceTitle "CBM 187 Extra"]
[Source "ChessBase"]
[SourceDate "2018.11.04"]
[SourceVersion "1"]
[SourceVersionDate "2018.11.04"]
[SourceQuality "1"]
[WhiteTeam "Dubnica nad Vahom II"]
[BlackTeam "Bratislava Lokomotiva"]
[WhiteTeamCountry "SVK"]
[BlackTeamCountry "SVK"]

1. c4 Nf6 2. g3 g6 3. Bg2 Bg7 4. Nc3 0-0 5. e4 d6 6. d3 c5 7. Nge2 Nc6 8. 0-0 Ne8 9. Be3 e5 10. Qd2 Nc7 11. f4 Ne6 12. Nd5 Ned4 13. fxe5 dxe5 14. Nec3 Be6 15. Rf2 f6 16. Raf1 Rf7 17. h4 h5 18. Kh2 Rc8 19. a3 Nb3 20. Qd1 Ncd4 21. Bh3 Bxh3 22. Kxh3 Qd7+ 23. Kg2 Rcf8 24. Ne2 b6 25. Nxd4 Nxd4 26. b4 cxb4 27. Bxd4 exd4 28. axb4 Kh7 29. b5 Qe6 30. Qe2 Qe5 31. Re1 Rd8 32. Ref1 Re8 33. Re1 Rd8 34. Ref1 Re8 35. Qd1 Re6 36. Nf4 Rd6 37. Nxg6 Kxg6 38. Rf5 Qxf5 39. Rxf5 Bh6 40. Qxh5+ Kg7 41. e5 Re6 42. Qg4+ Kf8 43. Rh5 f5 44. Rxf5 Be3 45. Rxf7+ Kxf7 46. Qf5+ Ke7 47. g4 Rh6 48. Kg3 Rh7 1-0

[Event "SVK-chT3B2 1718"]
[Site "Slovakia"]
[Date "2018.03.25"]
[Round "11.2"]
[White "Zakovic, Jozef"]
[Black "Pupak, Tomas"]
[Result "0-1"]
[WhiteElo "1804"]
[BlackElo "2046"]
[PlyCount "74"]
[EventDate "2017.10.08"]
[EventType "team-tourn"]
[EventRounds "11"]
[EventCountry "SVK"]
[SourceTitle "EXT 2020"]
[Source "ChessBase"]
[SourceDate "2019.10.17"]
[SourceVersion "1"]
[SourceVersionDate "2019.10.17"]
[SourceQuality "1"]
[WhiteTeam "Bojnice"]
[BlackTeam "Dubnica nad Vahom III"]
[WhiteTeamCountry "SVK"]
[BlackTeamCountry "SVK"]

1. e4 c6 2. Nc3 d5 3. Nf3 Bg4 4. h3 Bxf3 5. Qxf3 e6 6. exd5 cxd5 7. Bb5+ Nc6 8. 0-0 Nf6 9. d4 Be7 10. Bg5 0-0 11. Bxc6 bxc6 12. Rfd1 Rb8 13. b3 Qc7 14. Bf4 Bd6 15. Bxd6 Qxd6 16. a4 Rfc8 17. Rac1 a6 18. Ne2 Qb4 19. Qd3 Qb6 20. f3 h6 21. Kf1 c5 22. dxc5 Rxc5 23. Rd2 e5 24. Ng3 Qc7 25. Qe3 Rc3 26. Rd3 Rbxb3 27. Ne2 Rxd3 28. cxd3 Qb8 29. Ng3 d4 30. Qe2 Nd5 31. Qe4 Ne3+ 32. Kg1 g6 33. Nf1 Rb1 34. Qc6 Qb2 35. Qe8+ Kg7 36. Qxe5+ Kh7 37. Nxe3 Qxc1+ 0-1

[Event "SVK-chT1W 1718"]
[Site "Slovakia"]
[Date "2018.03.10"]
[Round "10.8"]
[White "Breja, Stanislav"]
[Black "Pupak, Tomas"]
[Result "0-1"]
[WhiteElo "1959"]
[BlackElo "2046"]
[PlyCount "58"]
[EventDate "2017.10.21"]
[EventType "team-tourn"]
[EventRounds "11"]
[EventCountry "SVK"]
[SourceTitle "EXT 2019"]
[Source "ChessBase"]
[SourceDate "2018.10.10"]
[SourceVersion "1"]
[SourceVersionDate "2018.10.10"]
[SourceQuality "1"]
[WhiteTeam "Bratislava Slovan III"]
[BlackTeam "Dubnica nad Vahom II"]
[WhiteTeamCountry "SVK"]
[BlackTeamCountry "SVK"]

1. e4 d6 2. d4 Nf6 3. Bd3 e5 4. c3 Be7 5. Nf3 Nbd7 6. 0-0 0-0 7. h3 c6 8. Re1 Qc7 9. b4 Re8 10. Qb3 Nb6 11. Ng5 Bf8 12. dxe5 dxe5 13. Be3 h6 14. Bxb6 axb6 15. Nf3 Be6 16. Bc4 b5 17. Bxe6 Rxe6 18. Nbd2 Rd6 19. Qc2 Rad8 20. Nb3 R6d7 21. a4 Nh5 22. a5 Nf4 23. Rad1 c5 24. Rxd7 Rxd7 25. Nxc5 Bxc5 26. bxc5 Qxc5 27. Re3 b4 28. Qb3 bxc3 29. Qxc3 Qxc3 0-1

[Event "SVK-chT1W 1617"]
[Site "Slovakia"]
[Date "2016.12.10"]
[Round "5.8"]
[White "Pupak, Tomas"]
[Black "Kvassay, Peter"]
[Result "1-0"]
[WhiteElo "2028"]
[BlackElo "2015"]
[PlyCount "77"]
[EventDate "2016.10.15"]
[EventType "team-tourn"]
[EventRounds "11"]
[EventCountry "SVK"]
[SourceTitle "EXT 2018"]
[Source "ChessBase"]
[SourceDate "2017.10.13"]
[SourceVersion "1"]
[SourceVersionDate "2017.10.13"]
[SourceQuality "1"]
[WhiteTeam "Dubnica nad Vahom II"]
[BlackTeam "Povazska Bystrica"]
[WhiteTeamCountry "SVK"]
[BlackTeamCountry "SVK"]

1. d4 d5 2. Bf4 Bf5 3. e3 e6 4. Nf3 Nf6 5. c3 Nbd7 6. Qb3 Qc8 7. c4 Be7 8. Nc3 0-0 9. cxd5 Nxd5 10. Nxd5 exd5 11. Rc1 c5 12. Qxd5 Be6 13. Qe4 Qd8 14. Bd3 Nf6 15. Qxb7 Nd5 16. Bg3 Qa5+ 17. Ke2 Rab8 18. Bxb8 Nb4 19. Rhd1 Qxa2 20. Rd2 Bd8 21. Qxa7 Ba5 22. Bc7 Nc6 23. Qa6 Bd5 24. Ne5 Nxe5 25. Qxa5 Nxd3 26. Kxd3 Qb3+ 27. Ke2 Bc4+ 28. Ke1 cxd4 29. Rxd4 Be6 30. Qc3 Qb5 31. Rd8 Rxd8 32. Bxd8 h5 33. Be7 Qb7 34. Bh4 Qxg2 35. Bg3 Bg4 36. Qd3 h4 37. Qd8+ Kh7 38. Qxh4+ Kg8 39. Qxg4 1-0

[Event "SVK-chT1W 1617"]
[Site "Slovakia"]
[Date "2016.11.20"]
[Round "4.7"]
[White "Janos, Jozef"]
[Black "Pupak, Tomas"]
[Result "1/2-1/2"]
[WhiteElo "2140"]
[BlackElo "2028"]
[PlyCount "95"]
[EventDate "2016.10.15"]
[EventType "team-tourn"]
[EventRounds "11"]
[EventCountry "SVK"]
[SourceTitle "EXT 2018"]
[Source "ChessBase"]
[SourceDate "2017.10.13"]
[SourceVersion "1"]
[SourceVersionDate "2017.10.13"]
[SourceQuality "1"]
[WhiteTeam "Bratislava Slovan II"]
[BlackTeam "Dubnica nad Vahom II"]
[WhiteTeamCountry "SVK"]
[BlackTeamCountry "SVK"]

1. Nf3 d6 2. d4 Bg4 3. e4 Nf6 4. Nc3 c6 5. Be3 Qc7 6. Be2 e5 7. Qd2 Nbd7 8. h3 Bxf3 9. Bxf3 Be7 10. 0-0 0-0 11. Be2 b5 12. a3 a6 13. f3 Rfe8 14. g4 exd4 15. Bxd4 d5 16. Kg2 dxe4 17. Nxe4 Nxe4 18. fxe4 Bh4 19. Rf3 Rxe4 20. Bf2 Bxf2 21. Rxf2 Ne5 22. Rd1 Re8 23. Bf1 Ng6 24. Qd6 Qxd6 25. Rxd6 R4e6 26. Rd7 Ne5 27. Ra7 c5 28. a4 Rb6 29. axb5 axb5 30. Ra5 c4 31. Rd2 f6 32. Rd5 Reb8 33. Rc5 R6b7 34. g5 Kf7 35. gxf6 gxf6 36. b3 cxb3 37. cxb3 b4 38. Ba6 Rd7 39. Rd5 Rxd5 40. Rxd5 Ke6 41. Rd4 h6 42. Rh4 Rb6 43. Be2 Kd5 44. Kf2 f5 45. Ke3 Rg6 46. Kf2 Kc5 47. Rf4 Rf6 48. Ke3 1/2-1/2

[Event "SVK-chT1W 1617"]
[Site "Slovakia"]
[Date "2016.10.16"]
[Round "2.7"]
[White "Pupak, Tomas"]
[Black "Lintner, Igor"]
[Result "0-1"]
[WhiteElo "2028"]
[BlackElo "2241"]
[PlyCount "74"]
[EventDate "2016.10.15"]
[EventType "team-tourn"]
[EventRounds "11"]
[EventCountry "SVK"]
[SourceTitle "CBM 175 Extra"]
[Source "ChessBase"]
[SourceDate "2016.12.12"]
[SourceVersion "1"]
[SourceVersionDate "2016.12.12"]
[SourceQuality "1"]
[WhiteTeam "Dubnica nad Vahom II"]
[BlackTeam "Bratislava KSN"]
[WhiteTeamCountry "SVK"]
[BlackTeamCountry "SVK"]

1. d4 e6 2. Nf3 f5 3. Bg5 Be7 4. Bxe7 Qxe7 5. c3 Nf6 6. Nbd2 d6 7. Qc2 e5 8. dxe5 dxe5 9. e4 Nc6 10. Bb5 Bd7 11. 0-0-0 fxe4 12. Nxe4 0-0-0 13. Rhe1 Rhe8 14. h3 h6 15. Qe2 Kb8 16. Qc4 Be6 17. Rxd8+ Nxd8 18. Qc5 Nxe4 19. Qxe7 Rxe7 20. Rxe4 c6 21. Bc4 Bxc4 22. Rxc4 Kc7 23. Re4 Kd6 24. Kd2 g6 25. Ke3 Nf7 26. h4 Kd5 27. c4+ Kd6 28. Kd3 a5 29. Rg4 Ke6 30. Nd2 Kf5 31. Re4 Rd7+ 32. Ke3 Nd6 33. c5 Nxe4 34. Nxe4 Ke6 35. Nc3 Rd4 36. g3 Rc4 37. Ne4 Rc2 0-1

[Event "SVK-chT1W 1415"]
[Site "Slovakia"]
[Date "2015.02.28"]
[Round "8.1"]
[White "Szucs, Vladimir"]
[Black "Pupak, Tomas"]
[Result "1-0"]
[WhiteElo "2228"]
[BlackElo "2022"]
[PlyCount "93"]
[EventDate "2014.10.18"]
[EventType "team-tourn"]
[EventRounds "11"]
[EventCountry "SVK"]
[SourceTitle "EXT 2016"]
[Source "ChessBase"]
[SourceDate "2015.10.08"]
[SourceVersion "1"]
[SourceVersionDate "2015.10.08"]
[SourceQuality "1"]
[WhiteTeam "Nitra NSK"]
[BlackTeam "Dubnica nad Vahom II"]
[WhiteTeamCountry "SVK"]
[BlackTeamCountry "SVK"]

1. Nf3 d6 2. d4 Nf6 3. c4 Nbd7 4. Nc3 e5 5. e4 Be7 6. Be2 0-0 7. 0-0 c6 8. Re1 Qc7 9. h3 Re8 10. Be3 Bf8 11. d5 Nc5 12. Nd2 a5 13. Qc2 Bd7 14. b3 h6 15. a3 Rec8 16. Rec1 Kh8 17. Rab1 Qd8 18. b4 axb4 19. axb4 Na6 20. Qb3 Rcb8 21. Nf3 Qe8 22. Bb6 Nh5 23. Bf1 Nf4 24. Ne2 f5 25. Nxf4 fxe4 26. Ne2 exf3 27. Qxf3 Be7 28. Nc3 Qg8 29. Bd3 Rf8 30. Qe2 Bh4 31. Ne4 Be7 32. b5 cxb5 33. cxb5 Nb8 34. Rd1 Rc8 35. Rbc1 Rxc1 36. Rxc1 Ra4 37. Bc7 Qf8 38. b6 Na6 39. Bxa6 Rxa6 40. Qxa6 bxa6 41. b7 Qf4 42. b8Q+ Kh7 43. Re1 Bf5 44. Qb4 g5 45. Qd2 Qh4 46. Nxd6 Bxd6 47. Bxd6 1-0

[Event "SVK-chT1W 1415"]
[Site "Slovakia"]
[Date "2015.01.11"]
[Round "6.2"]
[White "Pupak, Tomas"]
[Black "Detko, Jan"]
[Result "1/2-1/2"]
[WhiteElo "2022"]
[BlackElo "2165"]
[PlyCount "89"]
[EventDate "2014.10.18"]
[EventType "team-tourn"]
[EventRounds "11"]
[EventCountry "SVK"]
[SourceTitle "EXT 2016"]
[Source "ChessBase"]
[SourceDate "2015.10.08"]
[SourceVersion "1"]
[SourceVersionDate "2015.10.08"]
[SourceQuality "1"]
[WhiteTeam "Dubnica nad Vahom II"]
[BlackTeam "Prievidza SK"]
[WhiteTeamCountry "SVK"]
[BlackTeamCountry "SVK"]

1. Nf3 Nc6 2. b3 e5 3. Bb2 e4 4. Nd4 Nxd4 5. Bxd4 c5 6. Bb2 d5 7. e3 Nf6 8. d3 Bg4 9. Be2 Bxe2 10. Qxe2 Be7 11. dxe4 dxe4 12. 0-0 0-0 13. Rd1 Qc7 14. c4 Rad8 15. Nc3 a6 16. h3 Qc6 17. a4 Qe6 18. Qc2 Rfe8 19. Rab1 Rxd1+ 20. Rxd1 Rd8 21. Ne2 Rxd1+ 22. Qxd1 Nd7 23. Nf4 Qd6 24. Qd5 Qxd5 25. Nxd5 Bd6 26. f3 exf3 27. gxf3 f5 28. f4 Kf7 29. Kf2 g6 30. Kf3 Ke6 31. a5 Nb8 32. Bc3 Nc6 33. h4 Be7 34. Nxe7 Nxe7 35. Ke2 Nc8 36. Be5 Na7 37. Kd3 Nc6 38. Bc3 Nd8 39. Bd2 Nf7 40. Be1 Nd6 41. b4 Ne4 42. bxc5 Nxc5+ 43. Kd4 Nb3+ 44. Kd3 Nc5+ 45. Kd4 1/2-1/2

[Event "SVK-chT1W 1415"]
[Site "Slovakia"]
[Date "2014.11.30"]
[Round "4.1"]
[White "Joba, Arpad"]
[Black "Pupak, Tomas"]
[Result "1/2-1/2"]
[WhiteElo "1887"]
[BlackElo "2022"]
[PlyCount "58"]
[EventDate "2014.10.18"]
[EventType "team-tourn"]
[EventRounds "11"]
[EventCountry "SVK"]
[SourceTitle "EXT 2016"]
[Source "ChessBase"]
[SourceDate "2015.10.08"]
[SourceVersion "1"]
[SourceVersionDate "2015.10.08"]
[SourceQuality "1"]
[WhiteTeam "Komarno KSC"]
[BlackTeam "Dubnica nad Vahom II"]
[WhiteTeamCountry "SVK"]
[BlackTeamCountry "SVK"]

1. e4 d6 2. d4 Nf6 3. f3 Nbd7 4. Be3 e5 5. d5 c6 6. c4 cxd5 7. cxd5 Be7 8. Nc3 0-0 9. Bd3 a6 10. a4 Nh5 11. Qd2 Nc5 12. Bc2 b6 13. b4 Nb7 14. g4 Nf4 15. Kf1 Qc7 16. Nce2 a5 17. Bxf4 exf4 18. b5 Bf6 19. Rc1 Bb2 20. Rb1 Be5 21. Kg2 g5 22. Nh3 h6 23. Nf2 Kg7 24. Rhc1 Nc5 25. Nd3 f6 26. Bd1 Qe7 27. Nxc5 dxc5 28. Bb3 Qd6 29. Rd1 Bd7 1/2-1/2

[Event "SVK-chT1W 1415"]
[Site "Slovakia"]
[Date "2014.11.29"]
[Round "3.2"]
[White "Pupak, Tomas"]
[Black "Takacs, Laszlo"]
[Result "1-0"]
[WhiteElo "2022"]
[BlackElo "2110"]
[PlyCount "105"]
[EventDate "2014.10.18"]
[EventType "team-tourn"]
[EventRounds "11"]
[EventCountry "SVK"]
[SourceTitle "EXT 2016"]
[Source "ChessBase"]
[SourceDate "2015.10.08"]
[SourceVersion "1"]
[SourceVersionDate "2015.10.08"]
[SourceQuality "1"]
[WhiteTeam "Dubnica nad Vahom II"]
[BlackTeam "Gabcikovo Russel"]
[WhiteTeamCountry "SVK"]
[BlackTeamCountry "SVK"]

1. Nf3 Nf6 2. g3 g6 3. c4 Bg7 4. Bg2 d6 5. Nc3 0-0 6. 0-0 e5 7. d3 Nc6 8. Rb1 a5 9. a3 Re8 10. Nd2 Be6 11. b4 axb4 12. axb4 Qc8 13. b5 Ne7 14. b6 c6 15. Nde4 Nxe4 16. Nxe4 Qd7 17. Ng5 Ra2 18. Nxe6 Qxe6 19. Qb3 Rea8 20. Bb2 R2a6 21. Bc1 d5 22. cxd5 Nxd5 23. Be3 Qd6 24. Bxd5 cxd5 25. Rfc1 Ra3 26. Qb5 d4 27. Bd2 Ra2 28. Bb4 Qe6 29. Rc7 Rxe2 30. Re7 Qf6 31. Re8+ Bf8 32. Rf1 Ra1 33. Rxf8+ Kg7 34. Rg8+ Kh6 35. Bf8+ Kh5 36. f4 Raa2 37. Qd5 Qf5 38. Rh8 Rg2+ 39. Qxg2 Rxg2+ 40. Kxg2 Qxd3 41. Rxh7+ Kg4 42. h3+ Kf5 43. fxe5+ Kxe5 44. Rhxf7 Qe4+ 45. Kh2 Kd5 46. Rxb7 Qe2+ 47. Kg1 Qe3+ 48. Kg2 Qe4+ 49. Rf3 Kc6 50. Re7 Qc2+ 51. Rf2 Qb3 52. b7 Kd5 53. Bh6 1-0

[Event "SVK-chT1W 1415"]
[Site "Slovakia"]
[Date "2014.10.18"]
[Round "1.1"]
[White "Kavon, Rastislav"]
[Black "Pupak, Tomas"]
[Result "1-0"]
[WhiteElo "2153"]
[BlackElo "2022"]
[PlyCount "55"]
[EventDate "2014.10.18"]
[EventType "team-tourn"]
[EventRounds "11"]
[EventCountry "SVK"]
[SourceTitle "EXT 2016"]
[Source "ChessBase"]
[SourceDate "2015.10.08"]
[SourceVersion "1"]
[SourceVersionDate "2015.10.08"]
[SourceQuality "1"]
[WhiteTeam "Trnava Lokomotiva"]
[BlackTeam "Dubnica nad Vahom II"]
[WhiteTeamCountry "SVK"]
[BlackTeamCountry "SVK"]

1. e4 c6 2. d4 d5 3. Nc3 dxe4 4. Nxe4 Bf5 5. Ng3 Bg6 6. h4 h6 7. Nf3 Nd7 8. h5 Bh7 9. Bd3 Bxd3 10. Qxd3 e6 11. Bd2 Ngf6 12. 0-0-0 Qc7 13. Ne4 Nxe4 14. Qxe4 Nf6 15. Qe2 0-0-0 16. g3 Bd6 17. c4 c5 18. Bc3 cxd4 19. Nxd4 a6 20. Kb1 Kb8 21. Nb3 Ka8 22. Ba5 b6 23. c5 bxa5 24. Qxa6+ Qa7 25. Rxd6 a4 26. Qc6+ Kb8 27. Rh4 Nd5 28. Rxd5 1-0

[Event "SVK-chT1W 1314"]
[Site "Slovakia"]
[Date "2014.02.02"]
[Round "7.6"]
[White "Miklas, Marian"]
[Black "Pupak, Tomas"]
[Result "1-0"]
[WhiteElo "2102"]
[BlackElo "2016"]
[PlyCount "95"]
[EventDate "2013.10.12"]
[EventType "team-tourn"]
[EventRounds "11"]
[EventCountry "SVK"]
[SourceTitle "EXT 2015"]
[Source "ChessBase"]
[SourceDate "2014.11.20"]
[SourceVersion "1"]
[SourceVersionDate "2014.11.20"]
[SourceQuality "1"]
[WhiteTeam "Trnava Lokomotiva"]
[BlackTeam "Dubnica nad Vahom II"]
[WhiteTeamCountry "SVK"]
[BlackTeamCountry "SVK"]

1. Nf3 d6 2. g3 Nf6 3. Bg2 Nbd7 4. c4 e5 5. Nc3 Be7 6. 0-0 0-0 7. d4 c6 8. e4 Qc7 9. h3 Re8 10. Be3 Bf8 11. d5 Nc5 12. Nd2 cxd5 13. cxd5 a6 14. b4 Ncd7 15. Rc1 Qb8 16. a4 a5 17. Nb5 axb4 18. Nc7 Nc5 19. Nxa8 Qxa8 20. Rb1 Bd7 21. Rxb4 Bxa4 22. Qb1 b5 23. Rc1 Nfd7 24. Bf1 Rb8 25. Bxb5 Bxb5 26. Rxb5 Rxb5 27. Qxb5 Qa3 28. Rb1 Qc3 29. Qb4 Qc2 30. Ra1 f5 31. exf5 Qxf5 32. Kg2 e4 33. Ra8 Qxd5 34. Qc4 Nb6 35. Qxd5+ Nxd5 36. Bxc5 dxc5 37. Nxe4 Nc7 38. Rc8 Ne6 39. f4 g6 40. Rc6 Kf7 41. Ng5+ Nxg5 42. fxg5 Be7 43. h4 Ke8 44. Rc7 Kd8 45. Ra7 Ke8 46. Kf3 Kf7 47. Ra6 Bd8 48. Ke4 1-0